| 000 | 00572nam a2200229Ia 4500 | ||
|---|---|---|---|
| 003 | IT-RoPAU | ||
| 008 | 120407s9999 xx 000 0 und d | ||
| 040 | _aIT-RoPAU | ||
| 040 | _cIT-RoPAU | ||
| 041 | _aita | ||
| 100 | _aManlio Simonetti | ||
| 100 | _ccur. | ||
| 245 | _aCristo (IL). Testi treologici e spirituali | ||
| 250 | _aMilano | ||
| 260 | _aMondadori - Fond. Valla | ||
| 260 | _c1985 | ||
| 300 | _c20 cm | ||
| 490 | _v1 | ||
| 600 | _a"Vol. 2: Dal IV al VII secolo. In lingua greca. A cura di Manlio Simonetti. p.656" | ||
| 942 | _cBK | ||
| 999 |
_c365 _d365 |
||